000 00317nam a22001217a 4500
008 181023b xxu||||| |||| 00| 0 eng d
041 _aeng
080 _211ED
_a341
100 _a15
101 _aJUR
245 _aThe Criminal Procedure For The Criminal Justice Profesional
_cFerdico.J.N
942 _2udc
_cBK
999 _c50583
_d50583